| Tag |
First Indicator |
Second Indicator |
Subfields |
| LEADER |
00000cas a22000007i 4500 |
| 001 |
in00003402633 |
| 005 |
20200828132508.0 |
| 006 |
m o d |
| 007 |
cr ||||||||||| |
| 008 |
080724c20089999iluqr poo 0 a0eng |
| 010 |
|
|
|a 2013202561
|
| 022 |
0 |
|
|a 2329-6127
|y 2159-4538
|y 0034-0855
|2 1
|
| 029 |
1 |
|
|a AU@
|b 000044201369
|
| 029 |
1 |
|
|a NZ1
|b 13055344
|
| 029 |
1 |
|
|a AU@
|b 000044927512
|
| 029 |
1 |
|
|a NZ1
|b 13298882
|
| 029 |
1 |
|
|a AU@
|b 000045714842
|
| 029 |
1 |
|
|a AU@
|b 000050329740
|
| 029 |
1 |
|
|a AU@
|b 000051289935
|
| 035 |
|
|
|a (OCoLC)ocn317593763
|
| 035 |
|
|
|a (OCoLC)317593763
|
| 040 |
|
|
|a LGG
|b eng
|e rda
|c LGG
|d OCLCQ
|d DLC
|d CUD
|d OCLCQ
|d OCLCO
|d EYM
|d DLC
|d TXA
|d UtOrBLW
|
| 042 |
|
|
|a pcc
|a nsdp
|
| 043 |
|
|
|a n-us---
|
| 049 |
|
|
|a TXAM
|
| 050 |
1 |
4 |
|a K18
|b .E152
|
| 082 |
1 |
0 |
|a 346
|2 23
|
| 090 |
|
|
|a K18
|b .E34 Electronic
|
| 130 |
0 |
|
|a Real property, trust, and estate law journal (Online)
|
| 222 |
|
0 |
|a Real property, trust, and estate law journal
|b (Online)
|
| 245 |
1 |
0 |
|a Real property, trust, and estate law journal.
|
| 264 |
|
1 |
|a Chicago, Ill. :
|b Section of Real Property, Trust, and Estate Law, American Bar Association,
|c 2009-
|
| 310 |
|
|
|a Quarterly
|
| 336 |
|
|
|a text
|b txt
|2 rdacontent
|
| 337 |
|
|
|a computer
|b c
|2 rdamedia
|
| 338 |
|
|
|a online resource
|b cr
|2 rdacarrier
|
| 362 |
1 |
|
|a Began with: Volume 43, Number 1 (Spring 2008).
|
| 538 |
|
|
|a Mode of access: World Wide Web.
|
| 500 |
|
|
|a "Published ... with the assistance of the University of South Carolina School of Law."
|
| 588 |
|
|
|a Description based on: Volume 43, number 4 (Winter 2009); title from PDF cover (JSTOR, viewed April 10, 2013).
|
| 588 |
|
|
|a Latest issue consulted: Volume 44, number 3 (Fall 2009) (JSTOR website, viewed June 17, 2013).
|
| 650 |
|
0 |
|a Real property
|z United States
|x States
|v Periodicals.
|
| 650 |
|
0 |
|a Probate law and practice
|z United States
|x States
|v Periodicals.
|
| 650 |
|
0 |
|a Decedents' estates
|z United States
|x States
|v Periodicals.
|
| 650 |
|
0 |
|a Trusts and trustees
|z United States
|x States
|v Periodicals.
|
| 710 |
2 |
|
|a American Bar Association.
|b Section of Real Property, Trust, and Estate Law.
|
| 776 |
0 |
8 |
|i Print version spring 2008-fall 2019:
|t Real property, trust, and estate law journal
|x 2159-4538
|w (DLC) 2008250058
|w (OCoLC)235957559
|
| 780 |
0 |
0 |
|t Real property, probate, and trust journal (Online)
|x 1540-8469
|w (DLC) 2002211715
|w (OCoLC)50172650
|
| 948 |
|
|
|a cataloged
|b h
|c 2013/8/16
|d c
|e spoltoratski
|f 9:04:54 am
|g sc
|
| 994 |
|
|
|a C0
|b TXA
|
| 999 |
|
|
|a MARS
|
| 999 |
f |
f |
|s a3ed485a-de67-3e72-9a24-182cb3156683
|i c313e32b-1649-34c5-ad2d-78f76880b12d
|t 0
|
| 952 |
f |
f |
|a Texas A&M University
|b College Station
|c Electronic Resources
|d Available Online
|t 0
|e K18 .E34
|g Electronic
|h Library of Congress classification
|
| 998 |
f |
f |
|a K18 .E34
|t 0
|l Available Online
|